000 00325nam a22001457a 4500
003 SGT
020 _a978-81-8457-214-8
082 _a371.905
_bDES
100 _aDESHPRABHU SUCHITRA
245 _aSPECIAL NEEDS EDUCATION
260 _aKANISHKA PUB NEW DELHI
_c2010
300 _a305
650 _aEDUCATION
942 _2ddc
_cBK
999 _c23111
_d23111